| 000 | 00376nam a2200133Ia 4500 | ||
|---|---|---|---|
| 008 | 231129s2002||||xx |||||||||||||| ||spa|| | ||
| 020 | _a958-33-4269-6 | ||
| 040 | _bspa | ||
| 082 | _a616.9 G943 | ||
| 245 | 0 | _aGuía de las enfermedades transmitidas por vectores | |
| 260 | _c2002 | ||
| 264 | _aGráficas Olímpica | ||
| 942 |
_2ddc _cBKS |
||
| 999 |
_c14742 _d14742 |
||